Language Quiz

Random Language Quiz

Missing vowels mustelidae Quiz Stats

Quiz not verified by Sporcle

Challenge
Share
Tweet
Embed
Score 0/10 Timer 01:00
0 Plays Today
Hint Answer % Correct
wslweasel
100%
wlvrnwolverine
100%
bdgrbadger
100%
frrtferret
100%
hny bdgrhoney badger
100%
mnkmink
90.9%
mrtnmarten
90.9%
ttrotter
72.7%
plctpolecat
72.7%
rmnermine
54.5%

You're not logged in!

Compare scores with friends on all Sporcle quizzes.
Sign Up with Email
OR
Log In

You Might Also Like...

Show Comments

Extras

Top Quizzes Today


Score Distribution

Your Account Isn't Verified!

In order to create a playlist on Sporcle, you need to verify the email address you used during registration. Go to your Sporcle Settings to finish the process.

Report this User

Report this user for behavior that violates our Community Guidelines.

Details: